000 00311nam a22001337a 4500
008 210322b ||||| |||| 00| 0 eng d
041 _aeng
080 _23rd
_a616.073
082 _a616.073
100 _a6
101 _aRAD
245 _aPrinciples of Radioisotope Methodology
_cChase, G. D
942 _2udc
_cBK
999 _c56665
_d56665